000 00395nam a2200145Ia 4500
008 231217s9999 xx 000 0 und d
020 _a8126504536
041 _aEnglish
082 _a001.6424J2 MCG;12
100 _aMcGovern, James. Adatia, Rahim. Fain, Yakov. [et al...]
245 0 _aJ2EE 1.4 bible
260 _c2003
_bJohn Wiley & Sons
_aNew Delhi
300 _axxiv, 976
942 _cAA
999 _c193832
_d193832